Translation 3
Sparad:
| Materialtyp: | Bok |
|---|---|
| Taggar: |
Lägg till en tagg
Inga taggar, Lägg till första taggen!
|
| Thư viện lưu trữ: | Mạng thư viện Đại học Đà Nẵng |
|---|
| LEADER | 00378nam a22001571a 4500 | ||
|---|---|---|---|
| 001 | 000035976 | ||
| 003 | 12268 | ||
| 005 | 20160321134754.0 | ||
| 008 | 160321s0 000 | ||
| 245 | |a Translation 3 |c Tự Biên Soạn | ||
| OWN | |a LNN | ||
| 999 | |a From the UDN01 | ||
| TYP | |a Monograph | ||
| 980 | |a Mạng thư viện Đại học Đà Nẵng | ||